| 000 | 00854nas a2200301 4500 | ||
|---|---|---|---|
| 001 | BR2018001845 | ||
| 003 | BR-BrBNA | ||
| 005 | 20231205131407.0 | ||
| 007 | ta | ||
| 008 | 230509b bl.|||p| |||| 00| 00por d | ||
| 040 |
_aBR-BrBNA _bpor _cBiblioteca Nacional de Agricultura |
||
| 041 | _a(En) | ||
| 072 | _aH60 | ||
| 100 | 1 | _aGallon, M. | |
| 100 | 1 | _aTrezzi, M.M. | |
| 100 | 1 | _aDiesel, F. | |
| 100 | 1 | _aPossenti, J.C. | |
| 100 | 1 | _aBatistel, S.C. | |
| 245 | 1 | _aMethods to promote Borreria latifolia seed germination | |
| 650 | _aERVA DANINHA | ||
| 650 | _aSEMENTE | ||
| 650 | _aGERMINAÇÃO | ||
| 650 | _aDORMENCIA | ||
| 650 | _aEMBEBIÇÃO | ||
| 773 | 0 |
_tRevista Ciência Agronômica (Brazil) _xISSN 0045-6888 _g(Jul-Sep 2018), v. 49(3) p. 475-483 _wBR2018001845 |
|
| 909 |
_a202311 _bLúcia _c55 _dLúcia Elande |
||
| 942 |
_2AGRIS _n0 _cANA |
||
| 999 |
_c254561 _d254561 |
||